Science Quiz

Random Science or Clickable Quiz

Penguin, Pigeon, or Parrot? Quiz Stats

 Plays Quiz Updated Sep 20, 2017

Challenge
Share
Tweet
Embed
Score 0/30 Timer 05:00
3 Plays Today
% Correct
Emperor
93%
Cockatoo
82.8%
Hyacinth Macaw
80%
Cockatiel
79.7%
Carrier
78.5%
Mourning Dove
78.4%
Passenger
77.6%
Homing
76.4%
Rockhopper
75.8%
Galápagos
75.3%
African Grey
73.1%
Amazon
69%
Common Wood
68.5%
Humboldt
64.5%
Chinstrap
63.7%
% Correct
Speckled
63.3%
Lovebird
62.9%
Magellanic
57.7%
Macaroni
57.6%
Rock
56.3%
Budgerigar
55.4%
Adelie
54.9%
Gentoo
53.1%
African
51.9%
Silvery
51%
Caique
48.8%
Senegal
42.4%
Tooth-Billed
40.1%
Wonga
32.5%
Burrowing
26.3%

You're not logged in!

Compare scores with friends on all Sporcle quizzes.
OR
Log In

You Might Also Like...

Show Comments

Extras

Top Quizzes Today


Score Distribution

Your Account Isn't Verified!

In order to create a playlist on Sporcle, you need to verify the email address you used during registration. Go to your Sporcle Settings to finish the process.

Report this User

Report this user for behavior that violates our Community Guidelines.

Details: